Readings in Romance linguistics / (Record no. 74331)

MARC details
000 -LEADER
fixed length control field 01061nam a2200325 a 4500
001 - CONTROL NUMBER
control field vtls000069726
003 - CONTROL NUMBER IDENTIFIER
control field NLI
005 - DATE AND TIME OF LATEST TRANSACTION
control field 20210601192939.0
008 - FIXED-LENGTH DATA ELEMENTS--GENERAL INFORMATION
fixed length control field 101125s1972 ne d 001 0 eng
020 ## - INTERNATIONAL STANDARD BOOK NUMBER
Terms of availability USD 49.00
039 #9 - LEVEL OF BIBLIOGRAPHIC CONTROL AND CODING DETAIL [OBSOLETE]
-- 201011250717
-- VLOAD
040 ## - CATALOGING SOURCE
Original cataloging agency NLI
Language of cataloging eng
Transcribing agency VTLS
Description conventions AACR2
041 0# - LANGUAGE CODE
Language code of text/sound track or separate title eng
044 ## - COUNTRY OF PUBLISHING/PRODUCING ENTITY CODE
MARC country code ne
082 04 - DEWEY DECIMAL CLASSIFICATION NUMBER
Classification number 479.1
245 00 - TITLE STATEMENT
Title Readings in Romance linguistics /
Statement of responsibility, etc. edited by James M. Anderson and Jo Ann Creore
260 ## - PUBLICATION, DISTRIBUTION, ETC.
Place of publication, distribution, etc. The Hague :
Name of publisher, distributor, etc. Mouton,
Date of publication, distribution, etc. 1972
300 ## - PHYSICAL DESCRIPTION
Extent 472 p. :
Other physical details charts ;
Dimensions 22 cm.
504 ## - BIBLIOGRAPHY, ETC. NOTE
Bibliography, etc. note Includes bibliographical references and index
650 #0 - SUBJECT ADDED ENTRY--TOPICAL TERM
Topical term or geographic name entry element Romance languages
General subdivision Addresses, Essays, Lectures
9 (RLIN) 169290
700 1# - ADDED ENTRY--PERSONAL NAME
Personal name Anderson, James M.,
Relationship edt
9 (RLIN) 148771
700 1# - ADDED ENTRY--PERSONAL NAME
Personal name Creore, Jo Ann,
Relationship edt
9 (RLIN) 169291
887 ## - NON-MARC INFORMATION FIELD
Content of non-MARC field
901 ## - LOCAL DATA ELEMENT A, LDA (RLIN)
a 429489
b 14.11.1976
902 ## - LOCAL DATA ELEMENT B, LDB (RLIN)
a E479.1 An23
906 ## - LOCAL DATA ELEMENT F, LDF (RLIN)
a 0004124
949 ## - LOCAL PROCESSING INFORMATION (OCLC)
-- VIRTUAITEM
-- 10000
-- 100
6 PUR000429489ENG
942 ## - ADDED ENTRY ELEMENTS (KOHA)
Source of classification or shelving scheme Dewey Decimal Classification
Koha item type Books
Holdings
Withdrawn status Lost status Damaged status Not for loan Collection code Home library Current library Shelving location Date acquired Total Checkouts Full call number Barcode Date last seen Price effective from Koha item type
        New English National Library of India National Library of India New English - Main Stack Division     E479.1 An23 PUR000429489ENG 01/06/2021 01/06/2021 Books
                                                                           
web counter

Copyright ©2020 The National Library of India, Govt. of India ↔ Hosted by NVLI, MOC ↔ Technology and Design by National Library of India, Ministry of Culture, Govt. of India